00572 2200205 4500001002100000005001500021008004100036020001800077035001900095041000700114082001100121090001100132100002100143245005600164260007300220300001600293990001900309990001900328990001900347INLIS00000000001070720241224114040241224||||||||| | ||| |||| || |  a979-8026-22-5 0010-1224010707 aid0 a327.11 a327.110 aBantarto Bandoro00aNon-Aligned movement:its future andaction programme aJakartabCentre Of Sterategic and International Studies (CSIS)c1992 a114hlm;21cm a05.17.01.04.11 a05.17.01.04.11 a05.17.01.04.11